Organická analysa I

Guardado en:
Detalles Bibliográficos
Autor principal: Jureček, miroslav
Formato: Libro
Lenguaje:lengua desconocida
Publicado: Praha ČAV 1955
Acceso en línea:Ver en el OPAC
Etiquetas: Agregar Etiqueta
Sin Etiquetas, Sea el primero en etiquetar este registro!

MARC

LEADER 00000nam a2200000 a 4500
005 20260127134259.0
008 010719s1955 xx 0 und c
035 |a vtls001417184 
035 |a SNK000371963 
039 9 |a 200709261414  |b mschk02  |c 200709261414  |d mschk02  |c 200709261413  |d mschk02  |c 200709261412  |d mschk02  |y 200412291227  |z VLOAD 
040 |a SNK  |b slo  |c SNK  |d STUSCHK1  |e AACR2 
080 |a 543.8 
100 1 |a Jureček, miroslav 
245 1 |a Organická analysa I 
260 |a Praha  |b ČAV  |c 1955 
300 |a 543 s. 
910 |a SCHK95 
999 |c 8661  |d 8661